| 000 | 01385nam2a22003851 4500 | ||
|---|---|---|---|
| 001 | v19\rc\1849324 | ||
| 005 | 20251118180107.3 | ||
| 035 | _a(NLR Aleph) 004944775 | ||
| 090 |
_a5819292 _c5819292 |
||
| 100 | _a20080221d1909 |||y0rusy50 ca | ||
| 101 | 0 | _arus | |
| 102 | _aRU | ||
| 105 | _aa z ||||| | ||
| 200 | 1 | _aЭкзамены в начальной школе | |
| 210 | _d1909 | ||
| 215 |
_a95 с. _cил. |
||
| 423 | 0 |
_11010#$arus _12001#$aУчительские летние курсы |
|
| 423 | 0 |
_11010#$arus _12001#$aУчительские всероссийские съезды |
|
| 423 | 0 |
_11010#$arus _12001#$aПоездки на кумыс |
|
| 423 | 0 |
_11010#$arus _12001#$aВесенние и летние образовательные прогулки с детьми |
|
| 423 | 0 |
_11010#$arus _12001#$aНаглядные пособия |
|
| 461 | 0 |
_1001v19\rc\1849323 _12001#$aВопросы и нужды учительства$eСб. ст. и справок$fРед. Е.А. Звягинцев$v1 |
|
| 801 | 0 |
_aRU _bNLR _gpsbo |
|
| 801 | 0 |
_aRU _bRuMoRGB _2psbo |
|
| 801 | 1 |
_aRU _bProSoft-M _2rusmarc |
|
| 852 |
_aNLR _j19.59.6.61(1) |
||
| 899 |
_aRuMoRGB _jU 55/231 |
||
| 899 |
_aRuMoRGB _jРб 16/40 |
||
| 899 |
_aRuMoRGB _jW 183/55 (1-9) |
||
| 899 | _aБАН | ||
| 899 | _aГПИБ | ||
| 942 | _cBOOK | ||
| 980 | _aMONB | ||
| 980 | _aNB | ||